000 00719nam a2200205 i 4500
001 187008
003 SpMaBN
005 20230906222809.0
008 170327s1993 sp |||| | spa d
020 _a84-7719-364-9
080 _a338.45(460.181):622.33"17/19"
100 1 _aSen Rodríguez, Luis Carlos.
_9162196
245 1 3 _aLa minería leonesa del carbón, 1764-1959
_b: una historia económica /
_cLuis Carlos Sen Rodríguez.
260 _aLeón :
_bUniversidad, Secretariado de Publicaciones,
_c1993.
300 _a371 p. ;
_c24 cm.
504 _aBibliografía: p. 361-371.
650 7 _aMinas de carbón-
_zLeón (Provincia)
_9162197
710 2 _aUniversidad de León.
_97200
852 _aES-MaACL
_jL-31327
999 _c187008
_d187008